Privatization of health and medical services /
محفوظ في:
| المؤلف الرئيسي: | |
|---|---|
| التنسيق: | أطروحة كتاب |
| اللغة: | English |
| منشور في: |
1986
|
| الموضوعات: | |
| الوسوم: |
إضافة وسم
لا توجد وسوم, كن أول من يضع وسما على هذه التسجيلة!
|
| LEADER | 01206cam a2200301 4500 | ||
|---|---|---|---|
| 001 | u49587 | ||
| 003 | SIRSI | ||
| 008 | 870108s1986 my bt 0 eng m | ||
| 035 | |a AAF-3378 | ||
| 040 | |a UMM | ||
| 041 | 0 | |a a-my--- | |
| 090 | |a RA395 |b M4Won | ||
| 091 | |a Microfiche 9637 | ||
| 100 | 1 | 0 | |a Wong, Lai Sum |
| 245 | 1 | 0 | |a Privatization of health and medical services / |c by Wong Lai Sum |
| 260 | |c 1986 | ||
| 300 | |a vii, 180 leaves ; |c 30cm | ||
| 500 | |a Also available on microfiche : Kuala Lumpur. Perpustakaan Universiti Malaya, 1986. 4 microfiches : negative ; 11x15cm | ||
| 502 | |a Dissertation (M.P.A.) -- Fakulti Ekonomi dan Pentadbiran, Universiti Malaya, 1986. | ||
| 504 | |a Bibliography: leaves 156-159 | ||
| 650 | 0 | |a Privatization |z Malaysia | |
| 650 | 0 | |a Medical care |z Malaysia |x Finance. | |
| 650 | 0 | |a Health planning |z Malaysia | |
| 710 | 2 | 0 | |a Universiti Malaya. |b Fakulti Ekonomi dan Pentadbiran. |
| 948 | |a 16/03/1991 |b 18/12/2003 | ||
| 596 | |a 1 | ||
| 999 | |a RA395 M4WON |w LC |c 1 |i A010141090 |d 9/11/2008 |e 9/11/2008 |l B_KOM4 |m P01UTAMA |n 8 |r Y |s Y |t TESIS |u 17/3/1992 |o .PUBLIC. bkom 4 : 43394 | ||
| 999 | |a RA395 M4WON |w LC |c 2 |i A010496976 |d 27/2/2014 |e 27/2/2014 |l STACKS |m P01UTAMA |n 11 |r Y |s Y |t TESIS |u 17/3/1992 | ||
